[Event "Moscow Aeroflot op-A"]
[Site "Moscow"]
[Date "2004.02.25"]
[Round "9"]
[White "Kharitonov, Andrei Y"]
[Black "Vescovi, Giovanni P"]
[Result "1-0"]
[WhiteElo "2561"]
[BlackElo "2633"]
[Annotator "Huzman,A"]
[PlyCount "113"]
[EventDate "2004.02.17"]
[EventType "swiss"]
[EventRounds "9"]
[EventCountry "RUS"]
[SourceTitle "CBM 100"]
[Source "ChessBase"]
[SourceDate "2004.06.01"]
[SourceVersion "1"]
[SourceVersionDate "2004.06.01"]
[SourceQuality "1"]

1. d4 {Huzman} Nf6 2. Nf3 d5 3. c4 (3. e3 c5 4. c4 e6 5. Bd3 Nc6 6. O-O dxc4 7.
Bxc4 a6 8. a4 Be7 9. Nc3 O-O 10. b3 cxd4 11. exd4 Nb4 12. Bb2 b6 13. Qe2 Bb7
14. Rad1 Nfd5 15. Ne5 Nf4 16. Qg4 Nbd5 17. Nxd5 Nxd5 18. Rfe1 Bb4 19. Re2 Rc8
20. f4 Rc7 21. f5 h5 $1 {0-1 Janowski,D-Lasker,E/Berlin 1910/MainBase (31)})
3... e6 4. Nc3 dxc4 5. e3 a6 6. a4 c5 7. Bxc4 Be7 8. O-O Nc6 9. b3 O-O 10. Bb2
cxd4 11. exd4 Nb4 12. Qe2 (12. Ne5 b6 (12... Nbd5 13. Qf3 (13. h3 Bd7 14. Nxd5
exd5 15. Nxd7 Qxd7 16. Bd3 Rfe8 17. Qf3 Bb4 $11 {1/2-1/2 Rensch,D-Kaufman,L/
Saint Paul 2000/EXT 2001 (23)}) 13... Bb4 (13... Qa5 14. Rfc1 Bb4 15. Ne4 Nxe4
16. Qxe4 Rd8 17. Bd3 Nf6 18. Qh4 h6 19. Nc4 Qg5 20. Qxg5 hxg5 21. Nb6 Rb8 $11 {
1/2-1/2 Franco Ocampos,Z-Rodriguez Talavera,J/Barcelona 1988/EXT 97 (61)}) 14.
Nxd5 Nxd5 15. Rac1 Qd6 16. Rc2 Bd7 $11 {1/2-1/2 Nedeljkovic,S-Andric,D/
Sarajevo 1951/EXT 2002 (21)}) (12... Bd7 13. Qf3 Bc6 14. Nxc6 bxc6 15. Rad1 Ra7
16. Qe2 a5 17. Nb1 Nfd5 18. Nd2 {1/2-1/2 Speelman,J-Gelfand,B/Novi Sad 1990/TD
(18)}) 13. Qf3 (13. Qe2 Bb7 14. Rad1 (14. Rfd1 Nbd5 15. Ne4 Nf4 16. Nxf6+ Bxf6
17. Qg4 Nd5 18. Rac1 Rc8 $11 {0-1 Manasterski,L-Bernard,R/Sandomierz 1976/EXT
2000 (48)}) 14... Nbd5 15. Nxd5 Bxd5 16. Bxa6 Bxb3 17. Ra1 Bd5 18. Rfc1 Bd6 19.
Bd3 Qb8 $11 {1-0 Marshall,F-Berger,V/London 1927/HCL (30)}) 13... Ra7 (13...
Rb8 14. Rad1 Bb7 15. Qe2 (15. Qg3 Nbd5 16. Nxd5 Nxd5 17. f4 Bd6 18. f5 f6 19.
fxe6 fxe5 20. Rf7 $1 Rxf7 21. exf7+ Kf8 22. dxe5 Bc5+ 23. Bd4 Ne7 $13 {1-0
Lima,D-Quinn,M/Yerevan 1996/EXT 97 (33)}) 15... Rc8 16. f4 Nbd5 17. Nxd5 Nxd5
18. Rd3 g6 19. Rh3 Nb4 20. Nxf7 (20. f5 $1 $40) 20... Kxf7 21. f5 $40 {1-0
Glyanets,A-Kadimova,I/Moscow 1991/TD (40)}) 14. Rad1 Bb7 15. Qh3 (15. Qg3 Nfd5
16. Nxd5 Nxd5 17. f4 b5 18. Bd3 bxa4 19. bxa4 f5 20. Bc4 Bf6 $14 {0-1 Huang
Qian-Xu Yuanyuan/HeiBei 2001/EXT 2002 (42)}) 15... Nfd5 16. Nxd5 Bxd5 17. Bxd5
Qxd5 18. Rc1 Rb7 19. Rfe1 b5 20. a5 Bd6 21. Ba3 Rd8 $15 {1-0 Marshall,
F-Janowski,D/Marienbad 1925/HCL (45)}) (12. Qd2 b6 13. Rad1 Bb7 14. Qe3 Nbd5
15. Nxd5 Bxd5 $15 {0-1 Nocon,H-Small,G/USA 1995/EXT 98 (30)}) (12. Re1 b6 13.
Qe2 Bb7 (13... Nfd5 14. Ne5 Bb7 15. Nxd5 (15. Ne4 Rc8 16. Rad1 Rc7 17. g3 Re8
18. f4 Bf8 19. Rc1 Qc8 20. Qh5 f6 21. Nd3 Rd8 $15 {0-1 Utnasunov,A-Khlian,E/
Samara 2000/CBM 78 (36)}) 15... Nxd5 16. Nd3 (16. Qg4 Bb4 17. Red1 Re8 18. Rd3
f6 19. Rg3 Qc7 20. Nd3 Bd6 21. Rh3 Qf7 $11 {1-0 Voskanian,V-Bolduc,S/Montreal
2001/EXT 2002 (35)}) 16... Bf6 17. Qg4 Ne7 18. Ba3 Re8 19. Ne5 Bd5 20. Rac1 Ng6
$11 {0-1 Stamenkovic,D-Pons Carreras,D/Menorca 1996/Juniors (72)}) 14. Rad1
Nbd5 15. Nxd5 Nxd5 16. Qe4 Rb8 17. Bd3 g6 18. Qe2 Nf4 19. Qe3 Nxd3 20. Rxd3 Qd5
$17 {0-1 Bialy,R-Kachur,A/Bytom 1995/EXT 97 (48)}) 12... Bd7 (12... b6 13. Ne4
Bb7 14. Nxf6+ Bxf6 15. Rad1 Be7 16. Ne5 b5 17. axb5 axb5 18. Bxb5 Ra2 19. Ra1
Nc6 20. Qc4 Rxb2 21. Qc3 Nxe5 22. Rfd1 Qd5 23. Bf1 Rxb3 {0-1 Matviychuk,
A-Typek,K/Gdynia 1986/EXT 2001 (23)}) (12... Nbd5 13. Rac1 Qa5 14. Rfd1 Bd7 15.
Ne5 Rfd8 16. Qf3 Be8 17. Ne4 Nxe4 18. Qxe4 b5 19. axb5 Bxb5 20. Qf3 Bf6 $11 {
0-1 Gommer,F-Prestel,O/Untergrombach 1999/EXT 2000 (55)}) 13. Ne5 (13. Ne4 Nxe4
14. Qxe4 Bc6 15. Qe2 Rc8 16. Rac1 Bd5 17. Ne5 Nc6 $15 {1/2-1/2 Borowski,
N-Kostro,J/Katowice 1961/MCD (56)}) 13... Bc6 (13... Re8 14. Rad1 Bf8 15. f4
Bc6 16. f5 Bd5 17. fxe6 Bxe6 18. Kh1 Rc8 $132 {0-1 Marquez,R-Motwani,P/Novi
Sad 1990/TD (62)}) 14. Rad1 (14. Nxc6 bxc6 15. Rad1 a5 16. Ne4 Nxe4 17. Qxe4
Rb8 $11 {1-0 Vavrak,P-Salai,L/SVK 1998/EXT 99 (59)}) 14... Bd5 15. f4 g6 16. g4
(16. Nxd5 exd5 17. Bd3 Nxd3 18. Rxd3 Ne4 19. f5 Rc8 20. Qg4 Nf6 21. Qh3 Rc2 22.
Bc1 Qb6 23. Bg5 $18 {1-0 Podgaets,M-Chekhov,V/Kharkov 1985/MCL (26)}) 16... Nd7
(16... Rc8 $5 17. f5 gxf5 18. gxf5 Kh8 $132) 17. Bxd5 (17. Ba3 $5 Nxe5 18. fxe5
Rc8 $11) 17... Nxd5 18. Nxd5 exd5 19. f5 Nf6 (19... Nxe5 20. dxe5 Qb6+ 21. Bd4
Qxb3 22. e6 $40) 20. Rd3 Ne4 21. Rdf3 f6 22. Nd3 Bd6 $132 23. fxg6 hxg6 24. Nc5
$5 (24. Nf4 Bxf4 25. Rxf4 Qe7 $15 {[%csl Rb2,Ye4]}) 24... Bxc5 (24... Nxc5 25.
dxc5 Bxc5+ 26. Kg2 $44) 25. dxc5 Qc8 $1 26. Kh1 Qxg4 27. Qd3 Kg7 28. Rg1 (28.
Qxd5 $4 Rad8 29. Rxf6 (29. Qxb7+ Rd7 30. Qxa6 Rd2 $19) 29... Nxf6 30. Rxf6 Rxd5
31. Rf4+ Kh6 32. Rxg4 Rxc5 $19) 28... Qe6 29. b4 $44 {White have some
compensation for the sacrifised pawn but probably not enough.} Rf7 30. Bd4 Rh8
31. b5 axb5 32. axb5 g5 33. Rg2 Kg6 34. Qc2 Rc8 35. Ra3 Rh7 36. Rf3 Rf7 37. Ra3
$6 Qf5 38. Kg1 Rh7 (38... Nxc5 $1 39. Bxc5 Qxc2 40. Rxc2 b6 $17) 39. Ra1 Rh3
40. c6 (40. Rf1 Rf3 $17) 40... bxc6 41. bxc6 Qe6 42. Rc1 Rh7 43. Qa4 Rhc7 44.
Rgc2 Qg4+ 45. Rg2 Qf4 46. Rf1 Qd6 47. h4 $1 Rxc6 48. hxg5 fxg5 49. Be3 Qe5 $6 (
49... Rc2 $1 50. Qxe4+ (50. Rxc2 Qg3+ 51. Rg2 Qxe3+ $19) 50... dxe4 51. Rxg5+
Kh7 52. Rh5+ Kg7 53. Rg5+ Qg6 $19) 50. Qa7 $1 Rf6 $6 (50... R8c7 $142 51. Qb8
Ng3 $17) 51. Rxf6+ Qxf6 $2 (51... Kxf6 52. Qa6+ (52. Qh7 $5 $132) 52... Qe6 53.
Qb7 $132 (53. Qxe6+ Kxe6 54. Bxg5 Nxg5 55. Rxg5 Rf8 $19)) 52. Rh2 $1 Kf5 53.
Qh7+ Ke5 (53... Qg6 54. Qh3+ g4 55. Qf1+ $18) 54. Rb2 $132 Rh8 $2 55. Qa7 Kf5
56. Bd4 Qc6 (56... Qd6 $1 57. Qf7+ (57. Bxh8 Qg3+ 58. Kf1 Qh3+ 59. Kg1 Qxh8 $11
) 57... Nf6 58. Qxf6+ (58. Rf2+ Ke4 $1 $17) 58... Qxf6 59. Rf2+ $11) (56... Ra8
57. Qh7+ Qg6 58. Qh3+ g4 (58... Kf4 59. Qf1+ Kg4 60. Rb3 $18) 59. Qf1+ Kg5 60.
Be3+ Kh4 61. Rh2+ Kg3 62. Qg2#) 57. Bxh8 1-0

[Event "CZE-ch"]
[Site "Karlovy Vary"]
[Date "2004.02.23"]
[Round "7"]
[White "Stocek, Jiri"]
[Black "Jirovsky, Milos"]
[Result "1-0"]
[WhiteElo "2552"]
[BlackElo "2526"]
[Annotator "Huzman,A"]
[PlyCount "73"]
[EventDate "2004.02.17"]
[EventType "tourn"]
[EventRounds "11"]
[EventCountry "CZE"]
[EventCategory "11"]
[SourceTitle "CBM 100"]
[Source "ChessBase"]
[SourceDate "2004.06.01"]
[SourceVersion "1"]
[SourceVersionDate "2004.06.01"]
[SourceQuality "1"]

1. d4 d5 2. c4 dxc4 3. e3 Nf6 4. Bxc4 e6 5. Nf3 c5 6. O-O a6 7. Bb3 cxd4 8.
exd4 Nc6 9. Nc3 Be7 10. Re1 O-O 11. h4 Na5 (11... b5 12. d5 {Kramnik,V} exd5
13. Nxd5 Nxd5 14. Bxd5 Bb7 15. Bg5 $16 (15. Ng5 $5 {Kramnik,V})) (11... Ng4 12.
Bg5 h6 13. Bxe7 Nxe7 14. Qd3 Nf5 15. Bc2 Bd7 16. Rad1 b5 17. d5 Qb6 18. Rd2 b4
$13 {0-1 Bogdanov,A-Butsenko,I/Odessa 2000/EXT 2002 (51)}) (11... Nd5 $6 12. h5
$36) (11... Nb4 {(Knaak) Kramnik,V}) 12. Bc2 b5 13. Qd3 (13. Ne5 Bb7) 13... Bb7
14. h5 h6 (14... Bxf3 $1 {.} 15. Qxf3 (15. gxf3 $2 {Knaak} Nc6 $19) 15... Qxd4
16. Bf4 $1 b4 $2 (16... h6 $1 17. Rad1 Qc5 18. Qg3 $6 Nxh5 (18... Qxh5 $5 19.
Re5 Qg4 20. Qh2 Nh7 21. Rh5 (21. Rd7 Bf6 $17) 21... Ng5 22. Kh1 b4 23. Rh4 Nf3
24. Rxg4 Nxh2 25. Kxh2 h5 26. Rg3 h4 27. Rg4 bxc3 28. Be5 g5 29. Rd7 Nc6 30.
Bxc3 $44 {1/2-1/2 Bastos,P-De Carlos Arregui,I/ICCF Email 2001/ICCF Telechess 
(77)}) (18... Kh8 $5 19. Be5 Rad8 20. Qf4 $1 Nc4 21. Bxf6 Bxf6 22. Qe4 Qf5 23.
Qxf5 exf5 24. Rxd8 Rxd8 25. Bxf5 $15) 19. Qd3 Qf5 {'?' Rublevsky,S. '?'
Rublevsky,S.} (19... Nf6 $1 $17) 20. Qxf5 exf5 21. Nd5 $44 {1/2-1/2 Bareev,
E-Rublevsky,S/Montecatini Terme 2000/CBM 79/[Huzman] (33)}) (16... Rac8 $5) 17.
Rad1 Qc4 18. Bd3 Qc6 19. Ne4 $16 {1-0 Kramnik,V-Huebner,R/Dortmund 2000/CBM 78/
[Knaak] (27)}) 15. Bxh6 $1 {[%mdl 640]} Bxf3 $1 (15... gxh6 16. Rxe6 $1 {
[%cal Ge6f6]} Re8 17. Ne5 $1 Kf8 (17... Bd5 18. Nxd5 Qxd5 19. Rxf6 $1 Bxf6 20.
Qh7+ Kf8 21. Be4 Qe6 22. Bf5 Qd5 23. Nd7+ Ke7 24. Qxh6 $1 Qxf5 25. Nxf6 Qe6 26.
d5 Rh8 27. Qf4 $40) 18. Qe3 Ng8 (18... Kg7 19. Nxf7 Kxf7 20. Bg6+ Kg7 21. Bxe8
$18) 19. Rxh6 $1 (19. Nxf7 Kxf7 20. Bg6+ Kg7 21. Qe5+ Bf6 22. Rxe8 Bxe5 23.
Rxd8 Rxd8 24. dxe5 Ne7 $17) 19... Bf6 20. Rxf6 (20. Rh7 $5 $40) 20... Nxf6 (
20... Qxf6 21. Nd7+ Kg7 22. Qg3+ $18) 21. Qh6+ Kg8 (21... Ke7 22. Re1 $18) 22.
Qg5+ Kf8 23. h6 $40) 16. Bg5 Bxh5 17. Bxf6 Bg6 18. Bxe7 Qxe7 19. Qe2 Bxc2 20.
Qxc2 {[%cal Gd4d5] White have good chances for attack as the position of Kg8
is weakened.} Nc4 (20... Rfd8 $5 21. Rad1 Rac8 22. Qe4 $36 {[%csl Rg8]}) 21.
Rad1 Rad8 22. Qe2 $1 {[%cal Ge2h5]} Qh4 23. d5 $1 Rd6 (23... Rfe8 24. Rd3 $1 {
[%cal Gd3h3]}) 24. g3 Qh6 25. Rd4 $1 Nb6 26. Rh4 $40 {[%mdl 4]} Qg6 27. Rg4 Qf5
$2 (27... Qh6 28. Qe5 $1 Rfd8 29. Ne4 Nc4 30. Qc3 $16) 28. Ne4 $1 $18 Rxd5 29.
Rg5 $1 Re5 (29... Qxg5 30. Nxg5 Rxg5 31. Qe3 $18) 30. Rxf5 exf5 31. Qd2 Rfe8 (
31... fxe4 32. Qd4 Re6 33. Rxe4 $18) 32. Nf6+ $1 gxf6 33. Rxe5 fxe5 (33... Rxe5
34. Qd8+ $18) 34. Qg5+ Kh7 (34... Kf8 35. Qh6+ $18 {[%cal Gh6f8,Gh6b6]}) 35.
Qxf5+ Kg7 36. Qg5+ Kh7 37. Qf6 1-0

[Event "RUS-chT 06th"]
[Site "St Petersburg"]
[Date "1999.05.22"]
[Round "7"]
[White "Tregubov, Pavel V"]
[Black "Raetsky, Alexander"]
[Result "1-0"]
[WhiteElo "2570"]
[BlackElo "2453"]
[Annotator "Huzman,A"]
[PlyCount "69"]
[EventDate "1999.05.16"]
[EventType "team-tourn"]
[EventRounds "9"]
[EventCountry "RUS"]
[SourceTitle "EXT 2020"]
[Source "ChessBase"]
[SourceDate "2019.10.17"]
[SourceVersion "1"]
[SourceVersionDate "2019.10.17"]
[SourceQuality "1"]
[WhiteTeam "Belorechensk Khimik"]
[BlackTeam "Voronezh OShK"]
[WhiteTeamCountry "RUS"]
[BlackTeamCountry "RUS"]

1. d4 d5 2. Nf3 e6 3. c4 dxc4 4. e3 Nf6 5. Bxc4 c5 6. O-O a6 7. Bb3 Nbd7 8. e4
Nxe4 (8... cxd4 9. e5 Ng4 10. Bf4 Nc5 11. Nxd4 h5 12. h3 g5 13. Bg3 Nxb3 14.
axb3 Bc5 15. Ne2 h4 16. hxg4 hxg3 17. Nxg3 Bd4 18. Re1 $16 {1-0 Yermolinsky,
A-Xu Jun/Luzern 1993/CBM 38/ (73)}) 9. Re1 c4 (9... Ndf6 10. Bc2 Qd5 (10... Nd6
11. dxc5 Nb5 12. Qxd8+ Kxd8 13. a4 Na7 14. Ne5 Ke8 15. Nd3 Nc6 16. Nc3 {
1/2-1/2 Sherbakov,R-Vaulin,A/Elista 1997/CBM 59/[Huzman] (34)} (16. b4 $5 $16))
11. Qe2 Nd6 12. Nc3 Qc6 13. Bf4 cxd4 14. Nxd4 Qc5 15. Rad1 Bd7 16. Bb3 Qh5 17.
Nf3 Nf5 18. Rxd7 Nxd7 19. Bxe6 fxe6 20. Qxe6+ Be7 21. Nd4 $40 {1-0 Romanishin,
O-Baburin,A/Linares 1996/EXP 51 (25)}) (9... Nef6 10. d5 Nb6 11. dxe6 Bxe6 12.
Qxd8+ (12. Bxe6 Qxd1 13. Bxf7+ Kxf7 14. Rxd1 $32 Nbd5 15. Nc3 Rd8 16. Ne5+ $36
{1/2-1/2 Sherbakov,R-Nadyrhanov,S/Krasnodar 1997/CBM 59/[Huzman] (53)}) 12...
Rxd8 13. Bxe6 fxe6 14. Ng5 c4 $5 15. Nc3 Rd7 16. Rxe6+ Re7 17. Be3 Nbd5 18.
Nxd5 Nxd5 19. Bd4 $36 {1/2-1/2 Epishin,V-Sherbakov,R/Elista 1996/CBM 56/
[Chekhov] (64)}) (9... Nd6 10. d5 e5 11. Nxe5 Nxe5 12. Rxe5+ Be7 13. Qe1 b6 14.
Re2 Ra7 15. Bg5 Bf5 16. Nc3 c4 17. Bc2 Bxc2 18. Rxc2 O-O $10 {Yermolinsky,
A-Lesiege,A/North Bay/1994/1|0/61/}) 10. Bxc4 Nd6 11. Bb3 Be7 12. Nc3 O-O 13.
Bf4 Nf5 (13... b5 14. Qe2 Re8 15. Rad1 Bf8 16. Ne4 Nf6 17. Nc5 Qb6 18. Be5 Nd7
19. Bc2 $36 {0-1 Garcia,R-Spangenberg,H/Buenos Aires 1995/EXP 46 (36)}) 14. Rc1
Nf6 (14... b5 15. d5 Nc5 16. Bc2 $16) {A typical breakthrough.After exchanges
in the center each piece of White is better than correspondent Black`s one} 15.
d5 $1 exd5 16. Nxd5 Nxd5 17. Bxd5 {[%cal Gf4c7]} Bd6 (17... Qa5 18. Re5 (18.
Bc7 $5 Qb4 19. Re4 Qxb2 20. g4 Nh4 21. Rxe7 Bxg4 22. Re2 Qf6 23. Re3 $16) 18...
Qb4 19. Rxc8 Raxc8 (19... Qxf4 20. Rc4 $18) 20. Rxf5 g6 21. Bd2 (21. a3 Qxb2
22. Rxf7 Rxf7 23. Ne5 Rcf8) 21... Qxb2 22. Re5 Bf6 23. Re2 Rfd8 24. Qb3 $16)
18. Ne5 $1 (18. Bxd6 Nxd6 (18... Qxd6 19. Ng5 $1 $18 {[%cal Gd5f7,Gg5f7]}) 19.
Qb3 Bf5 $14 {/+/-}) 18... Be6 $2 (18... Qf6 19. Qd2 h6 $140 20. Nxf7 $1 $18) (
18... Qh4 19. Rc4 $1) 19. Bxb7 Rb8 20. Be4 $1 (20. Nc6 $2 Bxf4 $1 21. Nxd8
Rfxd8 22. Qf3 (22. Rc8 Rbxc8 23. Bxc8 Rxd1 (23... Rxc8 24. Qa4 $16) 24. Rxd1
Kf8 25. Bxe6 fxe6 $14 {/=}) 22... Bxc1 23. Rxc1 Nd4 $17) 20... Rxb2 $2 (20...
Qf6 $142 21. Ng4 (21. Bxf5 Bxf5 22. Nd7 Bxd7 23. Qxd6 Rxb2 $14) 21... Qd8 22.
Bxd6 Nxd6 23. b3 $16) {[%tqu "En","How White can get big material advantage?",
"","","e4f5","",10]} 21. Bxf5 $1 Bxf5 22. Nc6 Qb6 23. Be3 $1 Qc7 24. Nd4 $1 $18
Bxh2+ 25. Kh1 Qe5 26. Nxf5 Qxf5 27. Kxh2 Rxa2 28. Rc5 Qf6 29. Qg4 h6 30. Bd4
Ra4 31. Re4 Rxd4 32. Rxd4 Qxf2 33. Rc8 Rxc8 34. Qxc8+ Kh7 35. Qg4 1-0

[Event "Moscow Aeroflot op-A"]
[Site "Moscow"]
[Date "2004.02.24"]
[Round "8"]
[White "Inarkiev, Ernesto"]
[Black "Karjakin, Sergey"]
[Result "0-1"]
[WhiteElo "2606"]
[BlackElo "2566"]
[Annotator "Huzman,A"]
[PlyCount "86"]
[EventDate "2004.02.17"]
[EventType "swiss"]
[EventRounds "9"]
[EventCountry "RUS"]
[SourceTitle "CBM 100"]
[Source "ChessBase"]
[SourceDate "2004.06.01"]
[SourceVersion "1"]
[SourceVersionDate "2004.06.01"]
[SourceQuality "1"]

1. d4 d5 2. c4 dxc4 3. Nf3 Nf6 4. e3 e6 5. Bxc4 a6 6. O-O c5 7. Bb3 b5 8. a4 b4
9. Nbd2 Bb7 10. e4 Be7 11. Re1 O-O 12. e5 Nfd7 13. Ne4 cxd4 14. Bf4 (14. Qd3
Nc6 15. Bc2 g6 16. Bf4 Qa5 $1 17. Nd6 $2 (17. Rac1 $142 Ndxe5 18. Nxe5 Nxe5 19.
Qxd4 Ng4 $1 20. Bb3 Rfd8 21. Nd6 Nf6 $15 {[%cal Yd8d4]}) 17... Bxd6 18. exd6
Qd5 19. Rad1 e5 20. Bb3 Qxd6 21. Bh6 Nc5 $1 22. Bxf8 Rxf8 $19 {0-1 Vera,
R-Karjakin,S/Benidorm 2002/CBM 93/[Huzman] (28)}) 14... Nc6 (14... Nc5 $6 15.
Nxc5 Bxc5 16. Rc1 Nd7 17. Nxd4 Qh4 18. Be3 $8 Rad8 $2 {1-0 Zhu Chen-Krush,I/
Shanghai 2002/CBM 91/[Huzman] (46)} (18... Rac8 $1)) 15. Bc2 (15. Nxd4 Ndxe5
16. Nxc6 Nxc6 17. Nd6 Qb6 $15) 15... Qa5 $1 (15... Qb6 16. Qd3 g6 $13) 16. h4
$6 (16. Ned2 $5 Nc5 17. Nc4 $44) 16... b3 $1 {[%mdl 32]} 17. Bd3 (17. Bxb3
Ncxe5 18. Nxe5 Nxe5 19. Qxd4 Ng6 20. Bd2 Qh5 $17) 17... Nb4 {Now it is clear
that attack of White has no perspectives.} 18. Bd2 $2 (18. Qxb3 $8 Rac8 19.
Nxd4 (19. Bd2 Bd5 20. Qd1 Qb6 21. Bg5 $132) 19... Nxe5 $17) 18... Qd8 19. Qxb3
$2 {This exchange sacrifise is disproved by precise play of Black.} (19. Bb1
Bd5 20. Bg5 Nc6 $17) (19. Bg5 Bxg5 20. hxg5 Bd5 21. Rc1 Qa5 $17) (19. Bxb4 Bxb4
20. Re2 Bd5 $17) 19... Bd5 20. Bc4 Bxc4 (20... Bxe4 $5 21. Bxb4 Bxb4 22. Rxe4 (
22. Qxb4 Bxf3 23. gxf3 Qxh4 $19) 22... Nc5 23. Qxb4 Nxe4 24. Bd3 (24. Qe1 Qc7
25. Bxe6 Nc5 26. Bf5 g6 $17) 24... Rb8 25. Qc4 Qd5 $19) 21. Qxc4 Rc8 22. Qf1 (
22. Qxd4 Nc2 23. Qd3 Nxa1 24. Rxa1 Qc7 $17) 22... Nc2 23. Qxa6 Nxa1 24. Rxa1 (
24. Ba5 $8 Qe8 25. Rxa1 Ra8 26. Qb5 $44 Nc5 27. Qxe8 Rfxe8 28. Nxc5 Bxc5 29. b4
(29. Bc7 Rec8 30. Bd6 d3 31. Rd1 Rxa4 32. Bxc5 Rxc5 33. Rxd3 h6 $17) 29... Reb8
$1 30. bxc5 Rxa5 $17) 24... Nxe5 $1 25. Nxe5 Qd5 $19 {[%mdl 64]} 26. Qd3 Qxe5
27. Ng5 g6 (27... Bxg5 28. hxg5 Qd5 $19) 28. b4 Qf5 $1 29. Qxf5 gxf5 30. Rb1 e5
31. b5 Rc2 32. Nf3 (32. Rd1 $142 Rb8 33. Nf3 f6 $19) 32... e4 33. Bf4 (33. Bh6
exf3 34. Bxf8 Kxf8 35. b6 Bd6 36. a5 d3 $19) (33. Bg5 Bxg5 34. Nxg5 d3 $19)
33... exf3 34. b6 Bc5 35. b7 Ba7 36. b8=Q Bxb8 37. Bxb8 d3 38. Bf4 Rd8 39. Rd1
d2 40. Kh2 Rd4 41. Be3 (41. g3 Rxa4 42. Rxd2 Rxd2 43. Bxd2 Ra2 $19) 41... Rxh4+
42. Kg3 (42. Kg1 Rg4 43. g3 f4 $1 44. Bxd2 fxg3 45. Bh6 gxf2+ $19) 42... f4+ $1
43. Bxf4 (43. Kxh4 fxe3 44. fxe3 fxg2 $19) 43... Rxf4 0-1

[Event "RUS-Cup03 Geller Memorial"]
[Site "Moscow"]
[Date "1999.02.14"]
[Round "5"]
[White "Poluljahov, Aleksandr"]
[Black "Zakharov, Alexander S"]
[Result "1-0"]
[WhiteElo "2566"]
[BlackElo "2430"]
[Annotator "Huzman,A"]
[PlyCount "43"]
[EventDate "1999.02.10"]
[EventType "swiss"]
[EventRounds "9"]
[EventCountry "RUS"]
[SourceTitle "CBM 070"]
[Source "ChessBase"]
[SourceDate "1999.06.08"]
[SourceVersion "1"]
[SourceVersionDate "1999.06.08"]
[SourceQuality "1"]

1. d4 d5 2. c4 dxc4 3. e3 Nf6 4. Bxc4 e6 5. Nf3 c5 6. O-O a6 7. Bb3 cxd4 8.
exd4 Be7 9. Nc3 O-O 10. Ne5 $1 {With the help of this move the white take the
initiative.The Ne5 troubles the black.Trying to exchange the Ne5 the black
create weaknesses in their position.} Nc6 (10... b5 11. Qf3 Ra7 12. Bg5 Bb7 (
12... Rc7 13. Rad1 Bb7 14. Qh3 $36) 13. Qh3 $36) 11. Nxc6 bxc6 12. Bf4 $1 $14
Bb7 $2 (12... c5 13. d5 exd5 14. Nxd5 Nxd5 15. Bxd5 Ra7 16. Qh5 $36) (12... Nd5
13. Be5 (13. Nxd5 cxd5 14. Rc1) 13... Nxc3 14. bxc3 c5 15. Qf3 Ra7 16. Rad1
cxd4 17. Rxd4 Rd7 $14) 13. Na4 $16 {[%csl Rb7,Rc6]} Nd7 (13... Nd5 14. Be5) 14.
Rc1 Rc8 15. Re1 c5 (15... Re8 16. Qf3 Ba8 17. Nc5 $16) 16. d5 e5 $6 (16... Bxd5
$142 17. Bxd5 exd5 18. Qxd5 $16) 17. d6 $1 Bf6 (17... Bxd6 18. Qxd6 Rc6 (18...
exf4 19. Qxf4 $5 $16 {[%cal Gc1d1,Gd1d8,Gf4f7,Gb3f7]} (19. Re7 Bc6 20. Nxc5
Nxc5 21. Qxd8 Rfxd8 22. Rxc5 Bd5 $1 $11)) 19. Qd2 exf4 20. Qxf4 $5 $16 (20.
Rcd1 Rg6 $1 (20... Bc8 21. Qxf4 $16) 21. Qxd7 Qxd7 (21... Rxg2+ $2 22. Kf1 Qh4
23. Qxf7+ $1 $18) (21... Bxg2 $2 22. Qxf7+ $18) 22. Rxd7 Bxg2 23. Rd6 Rxd6 24.
Kxg2 $14) (20. Red1 Rg6 21. Qxd7 Rxg2+ 22. Kf1 Qh4 $40) 20... Rg6 21. f3 $16) (
17... Bg5 18. Bxg5 Qxg5 19. Bd5 $1 $16) 18. Be3 $18 Qa5 19. Qg4 $1 e4 $2 (19...
Rfd8 20. Qc4 Rf8 21. Nxc5 $18) 20. Qxd7 Bc6 21. Bxf7+ Kh8 22. Qh3 (22. Qh3 $1
Qxa4 23. Bg6 h6 24. Bxh6 $18) 1-0

[Event "GER-ch 71st"]
[Site "Altenkirchen"]
[Date "1999.11.19"]
[Round "8"]
[White "Jussupow, Artur"]
[Black "Grund, Holger"]
[Result "1/2-1/2"]
[WhiteElo "2636"]
[BlackElo "2482"]
[Annotator "Huzman,A"]
[PlyCount "53"]
[EventDate "1999.11.12"]
[EventType "swiss"]
[EventRounds "9"]
[EventCountry "GER"]
[SourceTitle "CBM 074"]
[Source "ChessBase"]
[SourceDate "2000.02.01"]
[SourceVersion "1"]
[SourceVersionDate "2000.02.01"]
[SourceQuality "1"]

1. d4 d5 2. c4 dxc4 3. e3 Nf6 4. Bxc4 e6 5. Nf3 a6 6. O-O c5 7. Bb3 Nc6 8. Nc3
Be7 9. a3 O-O 10. dxc5 Qxd1 (10... Bxc5 11. Qc2 (11. Qe2 Qc7 $11) 11... Qc7 12.
Nd5 (12. Ne4 $5 Nxe4 13. Qxe4 $14) 12... Nxd5 13. Qxc5 Ne5 14. Qxc7 Nxf3+ 15.
gxf3 Nxc7 16. Bd2 $14) 11. Rxd1 Bxc5 12. Bd2 Rd8 13. Na4 (13. Rac1 Ba7 14. Na4
Ne4 $11) 13... Ba7 14. Ba5 Rxd1+ 15. Rxd1 Nd7 (15... b5 16. Nb6 Rb8 17. Nxc8 (
17. Ne5 Bb7 18. Nbd7 Nxd7 19. Nxd7 Rc8 20. Bb6 $14) 17... Rxc8 18. Rc1 Ne4 19.
Ne5 $14) 16. Bc7 b5 17. Nc3 $6 ({White are missing interesting tacyical
possibility to get advantage} 17. Bc2 $1 Nf6 (17... Bb8 18. Nb6 Nxb6 19. Bxb6
$16) (17... bxa4 18. Bxa4 Ncb8 (18... Ndb8 19. Bxb8 Rxb8 20. Bxc6 $16) 19. Bxb8
Rxb8 20. Bxd7 Bb7 $16) 18. Nb6 Bxb6 19. Bxb6 $16) 17... Bb8 18. Bd6 (18. Bxb8
Rxb8 19. Ne4 Kf8 (19... Na5 20. Ba2 $14) (19... h6 20. Nd6 Nf6 21. e4 Kf8 22.
e5 Ng4 23. Re1 $14) 20. Nd6 Ke7 21. Ng5 Nc5 (21... Nde5 22. f4 (22. Nxh7 f6 {
[%csl Rh7]}) 22... h6 23. Nge4 Ng4 24. Rd3 $14) 22. Bc2 (22. Ba2 f6) 22... f6
$11) 18... Na5 19. Ba2 Bxd6 20. Rxd6 Ra7 21. Ng5 Rc7 22. Rd2 h6 23. Nge4 Kf8
24. f4 Ke7 25. Nd6 Nb6 26. e4 Nac4 27. Nxc4 1/2-1/2